[Event "35. DSenEM 50+"]
[Site "Bad Wildungen"]
[Date "2023.07.25"]
[Round "9.3"]
[White "Zude, Arno"]
[Black "Syre, Christian"]
[Result "1-0"]
[WhiteElo "2348"]
[BlackElo "2169"]
[PlyCount "59"]
[EventDate "2023.??.??"]
[WhiteTeam "SV 1920 Hofheim"]
[BlackTeam "SC Kreuzberg e.V."]

{[%evp 0,32,23,6,40,41,83,86,57,38,30,23,84,40,40,37,28,21,47,36,37,17,1,0,34,56,93,89,77,66,104,113,106,71,79]} 1. e4 c5 2. Nf3 d6 3. d4 cxd4 4. Nxd4 Nf6 5. Nc3 g6 6. Be2 Bg7 7. O-O O-O 8. Bg5 Nbd7 9. Re1 a6 10. Bf1 Qb6 11. Nb3 e6 12. Qd2 Re8 13. Rad1 Bf8 14. Qf4 Nh5 15. Qh4 f6 16. Be3 Qc7 17. a4 b6 18. f4 Ng7 19. g4 Bb7 20. Bg2 Rac8 21. Qf2 Nc5 22. f5 Qf7 23. Nd4 Nd7 24. fxe6 Nxe6 25. Nxe6 Qxe6 26. h3 Rxc3 27. bxc3 Rc8 28. Bd4 Rc4 29. e5 Bxg2 30. exf6 1-0

[Event "35. DSenEM 50+"]
[Site "Bad Wildungen"]
[Date "2023.07.25"]
[Round "9.4"]
[White "Jahn, Peter"]
[Black "Heck, Norbert"]
[Result "1/2-1/2"]
[WhiteElo "2077"]
[BlackElo "2199"]
[PlyCount "33"]
[EventDate "2023.??.??"]
[WhiteTeam "Husumer SV von 1898"]
[BlackTeam "SF Neuberg"]

{[%evp 0,29,23,27,27,30,41,34,21,21,16,13,4,10,17,22,7,0,19,0,3,10,1,0,5,-2,24,25,18,13,25,12]} 1. d4 Nf6 2. Nf3 g6 3. g3 Bg7 4. Bg2 d5 5. O-O O-O 6. Bf4 c6 7. Nbd2 h6 8. h3 Qb6 9. Qc1 Be6 10. c4 Nbd7 11. c5 Qd8 12. g4 Ne4 13. Nxe4 dxe4 14. Ne5 Nxe5 15. dxe5 g5 16. Bg3 Qc7 17. Qc3 1/2-1/2

[Event "35. DSenEM 50+"]
[Site "Bad Wildungen"]
[Date "2023.07.25"]
[Round "9.5"]
[White "Schatz, Christian"]
[Black "Lindam, Ingo"]
[Result "1/2-1/2"]
[WhiteElo "2168"]
[BlackElo "2136"]
[Annotator "hugo5"]
[PlyCount "67"]
[EventDate "2023.??.??"]
[WhiteTeam "SC Postbauer-Heng e.V."]
[BlackTeam "Schachclub Hilchenbach"]

1. d4 Nf6 2. Nf3 g6 3. Bg5 Bg7 4. Nbd2 d5 5. e3 O-O 6. Be2 c5 7. c3 {(=)} Qb6 8. Qb3 c4 9. Qa3 Nc6 10. b3 cxb3 11. Qxb3 Qa5 12. Bh4 e5 13. Nxe5 Nxe5 14. dxe5 Ne4 15. Nxe4 dxe4 16. Bf6 Be6 17. Qb4 Qxb4 18. cxb4 Rfc8 19. O-O Rc2 20. Bd1 Rxa2 21. Rxa2 Bxa2 22. Bc2 Bd5 23. Rd1 Bc6 24. Rd4 Re8 25. Bxe4 Bxe4 26. Bxg7 Kxg7 27. Rxe4 Rc8 28. g4 g5 29. Kg2 Rc2 30. Rd4 Rc7 31. Kg3 b5 32. Kf3 Kf8 33. Ke4 Ke7 34. f4 {(=)} 1/2-1/2

[Event "35. DSenEM 50+"]
[Site "Bad Wildungen"]
[Date "2023.07.25"]
[Round "9.6"]
[White "von Kiedrowski, Klemens"]
[Black "Balzer, Lars"]
[Result "1/2-1/2"]
[WhiteElo "2069"]
[BlackElo "2016"]
[Annotator "hugo5"]
[PlyCount "36"]
[EventDate "2023.??.??"]
[WhiteTeam "SAbt TG 1949 Wehlheiden"]
[BlackTeam "OSG Baden-Baden"]

1. g3 c5 2. c4 Nc6 3. Bg2 g6 4. Nc3 Bg7 5. e3 e6 6. Nge2 Nge7 7. d4 cxd4 8. exd4 d5 9. cxd5 Nxd5 10. Nxd5 exd5 11. O-O O-O 12. Be3 Qb6 13. Qd2 Be6 14. Rac1 Rac8 15. Rc3 Ne7 16. Rb3 Qa6 17. Ra3 Qb6 18. Rb3 Qa6 {(=)} 1/2-1/2

[Event "35. DSenEM 50+"]
[Site "Bad Wildungen"]
[Date "2023.07.25"]
[Round "9.8"]
[White "Schneider, Michael"]
[Black "Kozlov, Oleksandr"]
[Result "1/2-1/2"]
[WhiteElo "2025"]
[BlackElo "1850"]
[Annotator "hugo5"]
[PlyCount "42"]
[EventDate "2023.??.??"]
[WhiteTeam "SC Niefern-Oeschelbronn"]

1. Nf3 d5 2. g3 Nf6 3. Bg2 g6 4. O-O Bg7 5. d4 c6 6. c4 O-O 7. cxd5 cxd5 8. Ne5 Nc6 9. Nxc6 bxc6 10. Nc3 Bf5 11. b3 c5 12. e3 cxd4 13. exd4 Rc8 14. Bb2 Qd7 15. Re1 Rc7 16. Rc1 Bh6 17. f4 Rfc8 18. Na4 Rxc1 19. Bxc1 Ne4 20. Ba3 Bg4 21. Qd3 Bf5 {(=)} 1/2-1/2

[Event "35. DSenEM 50+"]
[Site "Bad Wildungen"]
[Date "2023.07.25"]
[Round "9.9"]
[White "Porth, Hartmut"]
[Black "Kopischke, Maik"]
[Result "1-0"]
[WhiteElo "1954"]
[BlackElo "1800"]
[PlyCount "85"]
[EventDate "2023.??.??"]
[WhiteTeam "SV Bargteheide"]
[BlackTeam "SG Weissensee 49 e.V."]

1. Nc3 d6 2. e4 g6 3. d4 Bg7 4. Be3 Nf6 5. f3 c6 6. Bc4 b5 7. Bb3 Nbd7 8. a4 b4 9. Na2 a5 10. Nc1 Ba6 11. Nge2 Qc7 12. c4 bxc3 13. bxc3 c5 14. O-O Rb8 15. Bc2 O-O 16. Bd3 Bxd3 17. Nxd3 cxd4 18. cxd4 Rfc8 19. Bd2 Qa7 20. Rc1 Ne8 21. Be3 Nc7 22. Qd2 Qa6 23. Rc2 Ne6 24. Rfc1 Rxc2 25. Qxc2 Qa7 26. Qc4 Ne5 27. Nxe5 dxe5 28. Rd1 exd4 29. Bf2 Qd7 30. Be1 Qa7 31. Kf1 Be5 32. g3 g5 33. Bd2 Qc7 34. Qxc7 Bxc7 35. Nc1 Rb1 36. Ke2 Nc5 37. Bxg5 Nxa4 38. Rxd4 Rb2+ 39. Bd2 Nc3+ 40. Kd3 Nb1 41. Be1 Na3 42. Rd7 Bd6 43. Rd8+ 1-0

[Event "35. DSenEM 50+"]
[Site "Bad Wildungen"]
[Date "2023.07.25"]
[Round "9.10"]
[White "Noldt, Torsten"]
[Black "Bauer, Werner"]
[Result "1/2-1/2"]
[WhiteElo "1989"]
[BlackElo "1813"]
[Annotator "hugo5"]
[PlyCount "108"]
[EventDate "2023.??.??"]
[WhiteTeam "Elmshorner SC von 1896"]
[BlackTeam "SV Weiss-Blau Allianz Muenchen"]

1. c4 c5 2. g3 g6 3. Bg2 Bg7 4. Nc3 Nc6 5. Nf3 Nf6 6. d4 cxd4 7. Nxd4 O-O 8. Nc2 d6 9. O-O Ng4 10. Bd2 a5 11. e4 Be6 12. b3 h5 13. Rb1 Nge5 14. Qe2 a4 15. Nd5 axb3 16. axb3 Nd7 17. Nf4 Nde5 18. Bc3 Bg4 19. Qe3 Bh6 20. h3 Bc8 {(=)} 21. Qe2 Qb6 22. Nd5 Qc5 23. Nce3 Be6 24. b4 Qa7 25. b5 Bxd5 26. Nxd5 Nd4 27. Qd1 Ne6 28. Nxe7+ Kh7 29. Qxd6 Nxc4 30. Qb4 Qc5 31. Qxc5 Nxc5 32. Nd5 Bg7 33. Bb4 Rfc8 34. Rfd1 Ra2 35. Bxc5 Rxc5 36. Rbc1 Ra4 37. Nb6 Rb4 38. Rxc4 Rcxc4 39. Nxc4 Rxc4 40. Rd7 b6 41. Rxf7 Rb4 42. Bf1 Rxe4 43. Rb7 Re6 44. Bc4 Rd6 45. h4 Kh6 46. Kg2 Bd4 47. f4 Bb2 48. Bg8 Bg7 49. Kf3 Rd3+ 50. Kf2 Rd6 51. Ke3 Rd8 52. Bc4 Rd6 53. Re7 Rd1 54. Ke2 Rd6 1/2-1/2

[Event "35. DSenEM 50+"]
[Site "Bad Wildungen"]
[Date "2023.07.25"]
[Round "9.11"]
[White "Dreke, Frank"]
[Black "Sakkal, Cherin"]
[Result "1/2-1/2"]
[WhiteElo "1944"]
[BlackElo "1967"]
[PlyCount "144"]
[EventDate "2023.??.??"]
[WhiteTeam "SV Mattnetz Berlin e.V."]
[BlackTeam "SC Haar 1931"]

1. c4 e5 2. a3 Nf6 3. Nc3 d5 4. cxd5 Nxd5 5. g3 Nc6 6. Bg2 Be6 7. Nf3 Be7 8. O-O O-O 9. Qc2 Nb6 10. b4 a6 11. d3 f6 12. Bb2 Qd7 13. Rfe1 Rfd8 14. Ne4 Rac8 15. Nc5 Bxc5 16. bxc5 Nd5 17. Rab1 b5 18. Nd2 Rb8 19. Rec1 a5 20. Ba1 b4 21. Nc4 Rb5 22. Nd2 Ra8 23. Qa4 Rab8 24. axb4 axb4 25. Qc2 Ra5 26. Nb3 Ra3 27. Bb2 Ra2 28. Ra1 Rba8 29. Rxa2 Rxa2 30. Ra1 Rxa1+ 31. Bxa1 Qc8 32. Qa2 Nde7 33. Qa4 Qd7 34. Kf1 Bd5 35. Bb2 Qe6 36. Bxd5 Qxd5 37. Kg1 e4 38. Nc1 f5 39. Qc2 Kf7 40. dxe4 fxe4 41. Nb3 Nf5 42. e3 Ke6 43. Kf1 Qd3+ 44. Qxd3 exd3 45. e4 Nh6 46. f3 Nf7 47. Kf2 Nfe5 48. Bxe5 Nxe5 49. Ke3 g5 50. h3 h5 51. f4 g4 52. hxg4 Nxg4+ 53. Kxd3 Nf2+ 54. Ke3 Nd1+ 55. Kd4 Nf2 56. Nd2 Nh1 57. Nf1 Nf2 58. Ne3 Nh1 59. g4 h4 60. g5 Nf2 61. f5+ Kf7 62. e5 h3 63. Nf1 b3 64. g6+ Kg7 65. Kc3 Nd1+ 66. Kxb3 Ne3 67. Ng3 h2 68. e6 h1=Q 69. Nxh1 Nxf5 70. Kc4 Kxg6 71. Kb5 Nd4+ 72. Ka6 Nxe6 1/2-1/2

[Event "35. DSenEM 50+"]
[Site "Bad Wildungen"]
[Date "2023.07.25"]
[Round "9.13"]
[White "Schmitt, Carsten"]
[Black "Fabig, Holger"]
[Result "0-1"]
[WhiteElo "1875"]
[BlackElo "1928"]
[PlyCount "58"]
[EventDate "2023.??.??"]
[WhiteTeam "SV Bergwinkel"]
[BlackTeam "SK Marmstorf GW Harburg"]

1. c4 b6 2. Nc3 Bb7 3. e4 e6 4. g3 f5 5. Bg2 Bb4 6. Nge2 Nf6 7. d3 fxe4 8. O-O Bxc3 9. Nxc3 Nc6 10. dxe4 d6 11. g4 Qe7 12. e5 Nd7 13. exd6 Qxd6 14. Nb5 Qxd1 15. Nxc7+ Kd8 16. Nxe6+ Ke7 17. Bg5+ Kxe6 18. Raxd1 Nf6 19. Rfe1+ Kf7 20. Bxf6 Kxf6 21. Rd6+ Kg5 22. Rd5+ Kh4 23. Re4 Ne5 24. Rexe5 Bxd5 25. h3 Bf7 26. Bxa8 Rxa8 27. Kg2 Re8 28. Rf5 Bg6 29. Rf4 Re4 0-1

[Event "35. DSenEM 50+"]
[Site "Bad Wildungen"]
[Date "2023.07.25"]
[Round "9.14"]
[White "Birkholz, Axel"]
[Black "Schaefer, Lutz"]
[Result "0-1"]
[WhiteElo "1843"]
[BlackElo "1841"]
[PlyCount "52"]
[EventDate "2023.??.??"]
[WhiteTeam "SR Spaichingen"]
[BlackTeam "SV Vimbuch"]

1. e4 c5 2. Nf3 a6 3. c3 Nf6 4. e5 Nd5 5. d4 cxd4 6. Bc4 Nb6 7. Bb3 e6 8. cxd4 d5 9. O-O Nc6 10. Nc3 Bd7 11. a3 Rc8 12. Bc2 Na5 13. Qd3 Qc7 14. Nd2 Bb5 15. Nxb5 Qxc2 16. Qxc2 Rxc2 17. Nc3 Nbc4 18. Nxc4 dxc4 19. d5 Bc5 20. Ne4 Bd4 21. Nd6+ Ke7 22. dxe6 Kxe6 23. Bf4 Bxb2 24. Rab1 b5 25. Rfe1 Nb3 26. Ne4 h6 0-1

[Event "35. DSenEM 50+"]
[Site "Bad Wildungen"]
[Date "2023.07.25"]
[Round "9.17"]
[White "Schell, Franz Juergen"]
[Black "Fiedler, Wolfgang"]
[Result "1-0"]
[WhiteElo "2069"]
[BlackElo "1981"]
[PlyCount "93"]
[EventDate "2023.??.??"]
[WhiteTeam "Bramfelder SK 1947 e.V."]
[BlackTeam "SC Schwarz-Weiss Nuernberg Sued"]

1. c4 g6 2. g3 Bg7 3. Bg2 c5 4. Nc3 Nc6 5. a3 d6 6. e4 e5 7. Nge2 Nge7 8. O-O O-O 9. d3 Bg4 10. h3 Be6 11. f4 Qd7 12. Kh2 f6 13. Rb1 Nd4 14. Nxd4 cxd4 15. Nd5 Nxd5 16. exd5 Bf7 17. fxe5 fxe5 18. Bf3 Be8 19. Bg5 h6 20. Bg4 Rxf1 21. Qxf1 Qc7 22. Bd2 Bd7 23. Bxd7 Qxd7 24. Qe2 Rf8 25. Kg2 Qf5 26. Rf1 Qxf1+ 27. Qxf1 Rxf1 28. Kxf1 h5 29. Bb4 Bf8 30. Ke2 Kf7 31. Kf3 Kf6 32. Ke4 Be7 33. Bd2 Kf7 34. b4 b6 35. h4 Bf6 36. Bg5 Ke7 37. c5 bxc5 38. bxc5 dxc5 39. d6+ Ke6 40. Bxf6 Kxf6 41. Kd5 e4 42. Kc6 exd3 43. d7 d2 44. d8=Q+ Kf5 45. Qg5+ Ke4 46. Qxd2 c4 47. Kc5 1-0

[Event "35. DSenEM 50+"]
[Site "Bad Wildungen"]
[Date "2023.07.25"]
[Round "9.18"]
[White "Rehbein, Ullrich"]
[Black "Hafenstein, Andrea"]
[Result "1/2-1/2"]
[WhiteElo "1768"]
[BlackElo "1799"]
[PlyCount "134"]
[EventDate "2023.??.??"]
[WhiteTeam "SAbt TG 1949 Wehlheiden"]
[BlackTeam "Rodewischer Schachmiezen"]

1. Nf3 g6 2. e4 d5 3. exd5 Qxd5 4. Nc3 Qa5 5. d4 c6 6. Bc4 Bg7 7. O-O Nf6 8. h3 O-O 9. Qe2 e6 10. Bd2 Qc7 11. Ne5 Nd5 12. Bxd5 exd5 13. Nf3 b5 14. Rfe1 h6 15. Qe7 Qxe7 16. Rxe7 Be6 17. Ne2 Bf6 18. Rc7 Bd8 19. Rb7 Bc8 20. Rxb8 Rxb8 21. Bxh6 Re8 22. Ng3 f6 23. Bf4 Rb7 24. Bd2 Rbe7 25. a4 Bc7 26. Nf1 a6 27. axb5 axb5 28. Bb4 Re2 29. Ne3 Bf4 30. Bd2 Bxe3 31. fxe3 Rxd2 32. Nxd2 Rxe3 33. Kf2 Re7 34. Ra8 Rc7 35. b3 Kf7 36. c4 dxc4 37. bxc4 bxc4 38. Nxc4 Ke7 39. h4 Be6 40. Ne3 Rb7 41. Kf3 Rb4 42. Ke4 c5 43. Ra7+ Kf8 44. Ra6 Rxd4+ 45. Kf3 Ke7 46. g3 Rd3 47. Ke2 Rd4 48. Ra7+ Kd6 49. Ra6+ Ke5 50. Ra5 Kd6 51. Ra6+ Ke7 52. Ra7+ Bd7 53. h5 gxh5 54. Nf5+ Ke6 55. Nxd4+ cxd4 56. Kd3 Be8 57. Kxd4 Kf5 58. Rg7 Bc6 59. Kc5 Bf3 60. Kd6 Bg4 61. Ke7 Ke5 62. Rg8 f5 63. Ra8 Ke4 64. Ra3 f4 65. gxf4 Kxf4 66. Kf6 h4 67. Ra4+ Kg3 1/2-1/2

[Event "35. DSenEM 50+"]
[Site "Bad Wildungen"]
[Date "2023.07.25"]
[Round "9.19"]
[White "Gaul, Karl-Heinz"]
[Black "Goeldenboog, Juergen"]
[Result "0-1"]
[WhiteElo "1535"]
[BlackElo "1984"]
[PlyCount "47"]
[EventDate "2023.??.??"]
[WhiteTeam "SC Schwarz-Weiss Lichtenrade e.V"]
[BlackTeam "Schachverein Horst-Emscher 31"]

1. d4 d5 2. Nf3 Nf6 3. h3 g6 4. Bf4 Bg7 5. e3 O-O 6. Nbd2 b6 7. Bd3 Ba6 8. c4 Nh5 9. Be5 Nf6 10. Ng5 Bb7 11. Rc1 Nbd7 12. Bh2 c5 13. Ndf3 h6 14. h4 hxg5 15. hxg5 Ne4 16. Bxe4 dxe4 17. Nd2 cxd4 18. Qg4 f5 19. Qh3 dxe3 20. Qxe3 Nc5 21. Ke2 Qd3+ 22. Kd1 Qxe3 23. fxe3 Nd3 24. Rb1 0-1

[Event "35. DSenEM 50+"]
[Site "Bad Wildungen"]
[Date "2023.07.25"]
[Round "9.20"]
[White "Papenfuss, Kai"]
[Black "Fink, Wolfgang"]
[Result "0-1"]
[WhiteElo "1726"]
[BlackElo "1770"]
[PlyCount "56"]
[EventDate "2023.??.??"]
[WhiteTeam "SV Bad Bevensen"]
[BlackTeam "Fit, Step by Step e.V."]

1. e4 e5 2. Nc3 Nf6 3. g3 Bc5 4. Bg2 O-O 5. Nge2 c6 6. d4 exd4 7. Nxd4 d5 8. Nb3 Bb4 9. O-O Bxc3 10. bxc3 Nxe4 11. Qf3 Nd6 12. Ba3 Re8 13. Rae1 Be6 14. Nd4 Nc4 15. Bc1 Nd7 16. Nxe6 fxe6 17. Bh3 e5 18. Qf5 Nf6 19. Bg5 Qd6 20. f3 Rf8 21. Rf2 Rae8 22. Qd3 Qc5 23. Kg2 e4 24. fxe4 Nxe4 25. Rxf8+ Rxf8 26. Rxe4 dxe4 27. Be6+ Kh8 28. Qxc4 Qxg5 0-1

[Event "35. DSenEM 50+"]
[Site "Bad Wildungen"]
[Date "2023.07.25"]
[Round "9.21"]
[White "Stolzenwald, Frank"]
[Black "Lebioda-Dette, Kordula"]
[Result "0-1"]
[WhiteElo "1285"]
[BlackElo "1701"]
[PlyCount "68"]
[EventDate "2023.??.??"]
[WhiteTeam "TSG Turn- und Sportgemeinschaft"]
[BlackTeam "SF Essen-Werden 1924/80"]

1. f4 d5 2. c4 dxc4 3. e4 e6 4. Bxc4 g6 5. Ne2 Bg7 6. d4 c6 7. a3 Nf6 8. Nbc3 O-O 9. O-O b5 10. Ba2 Bb7 11. Be3 a6 12. Ng3 Nbd7 13. h3 Rc8 14. b4 Qe7 15. Nge2 Rfd8 16. Qe1 Ne8 17. Qf2 Nc7 18. Rab1 Re8 19. e5 Nd5 20. Nxd5 cxd5 21. g4 Nb6 22. Rbc1 Rxc1 23. Rxc1 Rc8 24. Qf1 Nc4 25. Bxc4 dxc4 26. g5 h5 27. h4 Qc7 28. Rc3 Bf8 29. Ng3 Qc6 30. Rc2 Qd5 31. Rc3 Ra8 32. Bd2 Qxd4+ 33. Qf2 Qd5 34. Qe1 Qg2# 0-1